| 000 | 00756nam a2200205 a 4500 | ||
|---|---|---|---|
| 001 | 5770 | ||
| 003 | CDMR | ||
| 005 | 20131023174933.0 | ||
| 008 | 130130s ||||||||||||||||||||||||||||d | ||
| 020 | _a84858090107 | ||
| 040 |
_aCDMR _bcat _cCDMR |
||
| 245 | 0 | 3 |
_aLa televisión libre en la nueva democracia española _b: conferencias y coloquios del simposio internacional de Madrid, 6 y 7 de diciembre de 1979 _cJoaquín de Aguilera y Josep C. Vergés, directores |
| 260 |
_aBarcelona _bSirocco _c1980 |
||
| 650 | 0 | 4 |
_93205 _aTelevisió _xDret i legislació |
| 650 | 0 | 4 |
_91574 _aLlibertat d'informació |
| 650 | 0 | 4 |
_93730 _aPolítica de la televisió _zEspanya |
| 700 | 1 |
_9591 _aAguilera Gamoneda, Joaquim de |
|
| 700 | 1 |
_92529 _aVergés, Josep |
|
| 942 |
_cMON _2udc |
||
| 999 |
_c5770 _d5770 |
||